[Event "GER-ch Net blitz qual3"]
[Site "Playchess.com INT"]
[Date "2020.03.21"]
[Round "3"]
[White "Kuehne, Thomas"]
[Black "Heiligtag, Matthias"]
[Result "1-0"]
[WhiteElo "2008"]
[BlackElo "1451"]
[PlyCount "67"]
[EventDate "2020.03.21"]
[EventType "swiss (blitz)"]
[EventRounds "9"]
[EventCountry "GER"]
[SourceTitle "CBM 195 Extra"]
[Source "ChessBase"]
[SourceDate "2020.05.31"]
[SourceVersion "1"]
[SourceVersionDate "2020.05.31"]
[SourceQuality "1"]

1. d4 Nf6 2. Nf3 b6 3. Bf4 Bb7 4. e3 e6 5. Bd3 Be7 6. c3 d5 7. Nbd2 0-0 8. Ne5 c5 9. Qf3 c4 10. Bc2 Nc6 11. Qh3 g6 12. Qf3 Nxe5 13. Bxe5 Ne4 14. Nxe4 dxe4 15. Bxe4 Bxe4 16. Qxe4 Bf6 17. Qf4 Bxe5 18. Qxe5 Re8 19. h4 f6 20. Qe4 f5 21. Qe5 Qd5 22. Qg3 a5 23. h5 Kg7 24. hxg6 hxg6 25. 0-0-0 a4 26. a3 b5 27. Qh2 Rh8 28. Qc7+ Kf6 29. f3 Rxh1 30. Rxh1 b4 31. Rh7 Re8 32. Qg7+ Kg5 33. f4+ Kg4 34. Qxg6# 1-0

[Event "GER-ch Net blitz qual3"]
[Site "Playchess.com INT"]
[Date "2020.03.21"]
[Round "4"]
[White "Kuehne, Thomas"]
[Black "Reisberg, Andre"]
[Result "1-0"]
[WhiteElo "2008"]
[BlackElo "2018"]
[PlyCount "105"]
[EventDate "2020.03.21"]
[EventType "swiss (blitz)"]
[EventRounds "9"]
[EventCountry "GER"]
[SourceTitle "CBM 195 Extra"]
[Source "ChessBase"]
[SourceDate "2020.05.31"]
[SourceVersion "1"]
[SourceVersionDate "2020.05.31"]
[SourceQuality "1"]

1. d4 d5 2. Nf3 Nf6 3. Bf4 c5 4. e3 Nc6 5. c3 Qb6 6. Qc2 Bf5 7. dxc5 Bxc2 8. cxb6 axb6 9. Na3 Be4 10. Nb5 Ra5 11. Be2 Bxf3 12. gxf3 e5 13. Bg3 h5 14. h3 h4 15. Bh2 Be7 16. a3 0-0 17. Rd1 Rd8 18. Rg1 Raa8 19. f4 e4 20. Nd4 Nxd4 21. Rxd4 Rac8 22. Ra4 Kf8 23. Ra7 Ne8 24. Rxb7 Rc6 25. Bb5 Re6 26. Ke2 Nd6 27. Rxb6 Ra8 28. Bd7 Rh6 29. a4 Bd8 30. Rb4 Ke7 31. Bb5 Ba5 32. Rb3 Nf5 33. Rd1 Rd6 34. c4 d4 35. c5 d3+ 36. Kf1 Rg6 37. Bc4 Ra7 38. Bd5 Ng3+ 39. fxg3 hxg3 40. Bg1 g2+ 41. Kf2 Bc7 42. Rb7 Rxb7 43. Bxb7 Bd8 44. Ke1 Ke6 45. b4 Bh4+ 46. Kd2 Rg3 47. c6 Kf5 48. Bc8+ Kf6 49. c7 Rxh3 50. Bg4 Rg3 51. c8Q Kg6 52. Qf5+ Kh6 53. Qh5# 1-0

[Event "Mittelrhein Verbandsliga Sued 1920"]
[Site "Mittelrhein"]
[Date "2019.11.17"]
[Round "3.4"]
[White "Schild, Willi"]
[Black "Kuehne, Thomas"]
[Result "1/2-1/2"]
[WhiteElo "1897"]
[BlackElo "1960"]
[PlyCount "57"]
[EventDate "2019.09.29"]
[EventType "team-tourn"]
[EventRounds "9"]
[EventCountry "GER"]
[SourceTitle "EXT 2023"]
[Source "ChessBase"]
[SourceDate "2022.10.05"]
[SourceVersion "1"]
[SourceVersionDate "2022.10.05"]
[SourceQuality "1"]
[WhiteTeam "Siebengebirge"]
[BlackTeam "Sankt Augustin Turm"]
[WhiteTeamCountry "GER"]
[BlackTeamCountry "GER"]

1. d4 Nf6 2. Nf3 d5 3. e3 e6 4. Bd3 c5 5. b3 Nc6 6. 0-0 cxd4 7. exd4 Bd6 8. Bb2 0-0 9. Nbd2 Nb4 10. Be2 Ne4 11. a3 Nc6 12. Bd3 f5 13. Ne5 Nxd2 14. Qxd2 Qc7 15. f4 Qb6 16. Qe3 a5 17. Rab1 Bxe5 18. fxe5 Bd7 19. Rf3 a4 20. b4 Ne7 21. Qe2 Rac8 22. Rh3 Rf7 23. Rf1 Ng6 24. Kh1 Be8 25. c3 Qd8 26. Qh5 Nf8 27. Qe2 Ng6 28. Qh5 Nf8 29. Qe2 1/2-1/2

[Event "Mittelrhein Verbandsliga-S 18/19"]
[Site "Nordrheinwestfalen"]
[Date "2019.02.10"]
[Round "7.4"]
[White "Kuehne, Thomas"]
[Black "Manay, Gueven"]
[Result "1-0"]
[WhiteElo "1951"]
[BlackElo "1883"]
[PlyCount "103"]
[EventDate "2018.09.02"]
[EventType "team-tourn"]
[EventRounds "11"]
[EventCountry "GER"]
[SourceTitle "EXT 2022"]
[Source "ChessBase"]
[SourceDate "2021.10.06"]
[SourceVersion "1"]
[SourceVersionDate "2021.10.06"]
[SourceQuality "1"]
[WhiteTeam "St Augustin Turm"]
[BlackTeam "Satranc Club"]
[WhiteTeamCountry "GER"]
[BlackTeamCountry "GER"]

1. d4 d5 2. Bf4 Bf5 3. e3 e6 4. c4 c6 5. Nc3 Bd6 6. Bxd6 Qxd6 7. c5 Qc7 8. b4 b6 9. cxb6 Qxb6 10. a3 a5 11. b5 cxb5 12. Bxb5+ Nc6 13. Nf3 Nge7 14. Ne5 f6 15. Nd3 0-0 16. Rc1 Rfd8 17. 0-0 Kh8 18. f4 Rac8 19. Nc5 e5 20. fxe5 fxe5 21. Bxc6 Rxc6 22. Qe2 Rh6 23. Rf2 Qg6 24. Rcf1 Rh5 25. Qa6 Qxa6 26. Nxa6 g6 27. Nc5 exd4 28. exd4 Rh4 29. Rf4 Rxf4 30. Rxf4 Kg7 31. Rxf5 Rb8 32. Re5 Kf7 33. Kf2 Nf5 34. Rxd5 Rb2+ 35. Ne2 Ra2 36. a4 Rc2 37. g4 Nxd4 38. Rxd4 Rxc5 39. Kf3 h5 40. gxh5 Rxh5 41. Kg3 Re5 42. Nf4 g5 43. Nh3 Re3+ 44. Kg4 Re2 45. Nxg5+ Kf6 46. h4 Rg2+ 47. Kf4 Kg6 48. Rd5 Rb2 49. Rxa5 Rb4+ 50. Kg3 Rb3+ 51. Nf3 Rb4 52. Ra8 1-0

[Event "Mittelrhein Verbandsliga-S 18/19"]
[Site "Nordrheinwestfalen"]
[Date "2018.09.02"]
[Round "1.5"]
[White "Kuehne, Thomas"]
[Black "Schlicht, Markus"]
[Result "1/2-1/2"]
[WhiteElo "1951"]
[BlackElo "1920"]
[PlyCount "50"]
[EventDate "2018.09.02"]
[EventType "team-tourn"]
[EventRounds "11"]
[EventCountry "GER"]
[SourceTitle "EXT 2022"]
[Source "ChessBase"]
[SourceDate "2021.10.06"]
[SourceVersion "1"]
[SourceVersionDate "2021.10.06"]
[SourceQuality "1"]
[WhiteTeam "St Augustin Turm"]
[BlackTeam "Bruehl II"]
[WhiteTeamCountry "GER"]
[BlackTeamCountry "GER"]

1. d4 Nf6 2. Bf4 g6 3. Nc3 d6 4. e4 Bg7 5. Qd2 c6 6. Be2 Qa5 7. f3 e5 8. dxe5 dxe5 9. Be3 0-0 10. Rd1 Be6 11. g4 Nbd7 12. a3 Rfd8 13. Kf2 Nf8 14. Qc1 Rxd1 15. Nxd1 Qd8 16. h4 h5 17. g5 Ne8 18. b3 b6 19. Nb2 Qc7 20. Bd3 Rd8 21. Ne2 Nd6 22. Nc3 Nd7 23. Rd1 Bf8 24. Be2 Nb7 25. Nd3 Ndc5 1/2-1/2

[Event "Mittelrhein Verbandsliga-O 16/17"]
[Site "Nordrheinwestfalen"]
[Date "2017.04.30"]
[Round "11.3"]
[White "Fischer, Oliver"]
[Black "Kuehne, Thomas"]
[Result "1/2-1/2"]
[WhiteElo "1889"]
[BlackElo "1917"]
[PlyCount "56"]
[EventDate "2016.09.11"]
[EventType "team-tourn"]
[EventRounds "11"]
[EventCountry "GER"]
[SourceTitle "EXT 2022"]
[Source "ChessBase"]
[SourceDate "2021.10.06"]
[SourceVersion "1"]
[SourceVersionDate "2021.10.06"]
[SourceQuality "1"]
[WhiteTeam "Bruehl II"]
[BlackTeam "St Augustin Turm"]
[WhiteTeamCountry "GER"]
[BlackTeamCountry "GER"]

1. e4 g6 2. d4 Nf6 3. Nc3 d6 4. g3 Bg7 5. Bg2 0-0 6. Nge2 Nbd7 7. h3 c5 8. Be3 Qc7 9. 0-0 a6 10. a4 Rb8 11. Qd2 Rd8 12. g4 cxd4 13. Bxd4 Ne5 14. b3 Nc6 15. Bxf6 exf6 16. Nd5 Qd7 17. Rad1 Qe8 18. Rfe1 Be6 19. Nb6 Qe7 20. Nc3 Qc7 21. Ncd5 Bxd5 22. Nxd5 Qd7 23. Qf4 Qe6 24. Nb6 Qe7 25. Qc1 Qc7 26. Nd5 Qd7 27. Nb6 Qc7 28. Nd5 Qd7 1/2-1/2